[Event "SVK-chT1E 2122"]
[Site "Slovakia"]
[Date "2022.05.15"]
[Round "11.1"]
[White "Jurcik, Marian"]
[Black "Marek, Stanislav"]
[Result "1-0"]
[WhiteElo "2408"]
[BlackElo "2131"]
[PlyCount "111"]
[EventDate "2022.01.29"]
[EventType "team-tourn"]
[EventRounds "11"]
[EventCountry "SVK"]
[SourceTitle "EXT 2023"]
[Source "ChessBase"]
[SourceDate "2022.10.05"]
[SourceVersion "1"]
[SourceVersionDate "2022.10.05"]
[SourceQuality "1"]
[WhiteTeam "Cadca"]
[BlackTeam "Presov Tatran Dason"]
[WhiteTeamCountry "SVK"]
[BlackTeamCountry "SVK"]

1. c4 e5 2. Nc3 Nf6 3. Nf3 Nc6 4. e4 Bb4 5. d3 d6 6. a3 Bc5 7. b4 Bb6 8. h3 h6 9. g4 Nd4 10. Be3 c5 11. Rg1 Be6 12. g5 Nd7 13. Nd5 Bxd5 14. exd5 Qe7 15. Ra2 Nxf3+ 16. Qxf3 hxg5 17. Bxg5 f6 18. Be3 0-0-0 19. Qf5 g5 20. Be2 Kc7 21. Bg4 Nf8 22. Ke2 Rh6 23. Rb1 Ng6 24. Rab2 Nh4 25. Qe6 Qxe6 26. Bxe6 Rb8 27. a4 cxb4 28. Rxb4 Bxe3 29. fxe3 b6 30. a5 Rhh8 31. axb6+ axb6 32. Rf1 Rhf8 33. Ra4 Rb7 34. Ra6 Rbb8 35. Ra7+ Rb7 36. Rxb7+ Kxb7 37. Bd7 f5 38. Ra1 Rf6 39. Bc6+ Kb8 40. Ra8+ Kc7 41. Ra7+ Kc8 42. Rg7 Rg6 43. Rh7 f4 44. Bd7+ Kb8 45. e4 Rf6 46. Kf2 f3 47. Rh5 Ng2 48. Rxg5 Nf4 49. Bf5 Nxd3+ 50. Kxf3 Nb2 51. h4 Nxc4 52. h5 Rh6 53. Rg8+ Kb7 54. Kg4 Rf6 55. Kg5 Rf7 56. h6 1-0

[Event "SVK-chT2D 1718"]
[Site "Slovakia"]
[Date "2018.01.14"]
[Round "6.1"]
[White "Marek, Stanislav"]
[Black "Juhar, Roman"]
[Result "1/2-1/2"]
[WhiteElo "2127"]
[BlackElo "2147"]
[PlyCount "96"]
[EventDate "2017.10.28"]
[EventType "team-tourn"]
[EventRounds "11"]
[EventCountry "SVK"]
[SourceTitle "EXT 2019"]
[Source "ChessBase"]
[SourceDate "2018.10.10"]
[SourceVersion "1"]
[SourceVersionDate "2018.10.10"]
[SourceQuality "1"]
[WhiteTeam "Presov Tatran II"]
[BlackTeam "Velke Kapusany"]
[WhiteTeamCountry "SVK"]
[BlackTeamCountry "SVK"]

1. d4 d5 2. c4 c6 3. Nf3 Nf6 4. Qc2 e6 5. Nbd2 Bd6 6. g3 0-0 7. Bg2 Nbd7 8. 0-0 e5 9. cxd5 Nxd5 10. Nc4 Qe7 11. Nxd6 Qxd6 12. dxe5 Nxe5 13. Ng5 Nf6 14. Rd1 Qe7 15. Be3 b6 16. Bd4 Bb7 17. Bc3 h6 18. Ne4 Nd5 19. Bxe5 Qxe5 20. e3 Rad8 21. Qb3 Nf6 22. Nxf6+ Qxf6 23. Rac1 Rd6 24. Rxd6 Qxd6 25. Rd1 Qc7 26. Qd3 Re8 27. Qd7 Re7 28. Qd8+ Qxd8 29. Rxd8+ Kh7 30. Kf1 c5 31. Bxb7 Rxb7 32. Rd5 Rc7 33. Ke2 Kg6 34. Kd3 Kf6 35. Kc4 Ke6 36. e4 g6 37. f4 f5 38. exf5+ gxf5 39. Rd8 Rh7 40. Re8+ Kf6 41. Rf8+ Ke6 42. a4 h5 43. a5 bxa5 44. Rc8 Rb7 45. Rc6+ Kd7 46. Rxc5 Rxb2 47. Rxf5 Rxh2 48. Rxa5 Rh3 1/2-1/2

[Event "SVK-chT1E 1718"]
[Site "Slovakia"]
[Date "2017.12.02"]
[Round "5.2"]
[White "Marek, Stanislav"]
[Black "Istona, Martin"]
[Result "1/2-1/2"]
[WhiteElo "2139"]
[BlackElo "2240"]
[PlyCount "57"]
[EventDate "2017.10.21"]
[EventType "team-tourn"]
[EventRounds "11"]
[EventCountry "SVK"]
[SourceTitle "EXT 2019"]
[Source "ChessBase"]
[SourceDate "2018.10.10"]
[SourceVersion "1"]
[SourceVersionDate "2018.10.10"]
[SourceQuality "1"]
[WhiteTeam "Presov Tatran"]
[BlackTeam "Sabinov"]
[WhiteTeamCountry "SVK"]
[BlackTeamCountry "SVK"]

1. c4 g6 2. d4 Bg7 3. Nc3 c5 4. d5 Nf6 5. e4 d6 6. f3 0-0 7. Be3 e6 8. Nge2 exd5 9. cxd5 a6 10. a4 Nbd7 11. Ng3 h5 12. Be2 h4 13. Nf1 Ne5 14. Nd2 h3 15. g3 Bd7 16. Bg5 c4 17. Nxc4 Nxc4 18. Bxc4 Qa5 19. Bd2 Qc5 20. Qe2 b5 21. Bb3 Rab8 22. axb5 axb5 23. Nd1 Nh7 24. Rc1 Qb6 25. Be3 Qa5+ 26. Bd2 Qb6 27. Be3 Qa5+ 28. Bd2 Qb6 29. Be3 1/2-1/2

[Event "SVK-chT2D 1718"]
[Site "Slovakia"]
[Date "2017.10.28"]
[Round "1.1"]
[White "Marek, Stanislav"]
[Black "Zambor, Norbert"]
[Result "0-1"]
[WhiteElo "2127"]
[BlackElo "2252"]
[PlyCount "82"]
[EventDate "2017.10.28"]
[EventType "team-tourn"]
[EventRounds "11"]
[EventCountry "SVK"]
[SourceTitle "EXT 2019"]
[Source "ChessBase"]
[SourceDate "2018.10.10"]
[SourceVersion "1"]
[SourceVersionDate "2018.10.10"]
[SourceQuality "1"]
[WhiteTeam "Presov Tatran II"]
[BlackTeam "Kosice 1 CC"]
[WhiteTeamCountry "SVK"]
[BlackTeamCountry "SVK"]

1. c4 e5 2. Nc3 Nf6 3. Nf3 Nc6 4. e4 Bc5 5. Be2 d6 6. d3 Nd7 7. a3 a6 8. Nd5 Nf8 9. Bg5 f6 10. Be3 Ne6 11. b4 Ba7 12. Bxa7 Rxa7 13. 0-0 0-0 14. Ne3 g6 15. Nc2 f5 16. exf5 gxf5 17. d4 Nf4 18. b5 Na5 19. Kh1 e4 20. Ng1 axb5 21. cxb5 c5 22. bxc6 bxc6 23. g3 Ng6 24. f4 Be6 25. Ne3 Ne7 26. Rb1 Nd5 27. Nxd5 Bxd5 28. Qc2 Qf6 29. Rfd1 Rfa8 30. Rb4 Qe6 31. Rdb1 Kg7 32. Kg2 Kf6 33. Kf1 h6 34. Qc3 Kg6 35. Qc2 Rc7 36. Rb6 Nc4 37. Bxc4 Bxc4+ 38. Ke1 Rxa3 39. R1b4 Ra1+ 40. Kf2 e3+ 41. Kg2 Rxg1+ 0-1

[Event "SVK-chT2D 1617"]
[Site "Slovakia"]
[Date "2016.12.04"]
[Round "6.1"]
[White "Krak, Tomas"]
[Black "Marek, Stanislav"]
[Result "1-0"]
[WhiteElo "2311"]
[BlackElo "2157"]
[PlyCount "77"]
[EventDate "2016.10.08"]
[EventType "team-tourn"]
[EventRounds "11"]
[EventCountry "SVK"]
[SourceTitle "EXT 2018"]
[Source "ChessBase"]
[SourceDate "2017.10.13"]
[SourceVersion "1"]
[SourceVersionDate "2017.10.13"]
[SourceQuality "1"]
[WhiteTeam "Humenne Reinter II"]
[BlackTeam "Presov Tatran"]
[WhiteTeamCountry "SVK"]
[BlackTeamCountry "SVK"]

1. c4 Nf6 2. Nf3 b6 3. g3 c5 4. Bg2 Bb7 5. Nc3 g6 6. 0-0 Bg7 7. d4 cxd4 8. Qxd4 Nc6 9. Qf4 Na5 10. b3 Rc8 11. Bb2 0-0 12. Rfd1 d6 13. Qd2 a6 14. Rac1 Bxf3 15. Bxf3 Qd7 16. Na4 Qc7 17. Bd4 Nd7 18. Nxb6 Nxb3 19. axb3 Nxb6 20. Bxg7 Kxg7 21. Ra1 Qa7 22. Ra5 Nd7 23. Rda1 Nb8 24. h4 Qb6 25. Qc3+ f6 26. h5 Rc5 27. h6+ Kh8 28. Bd5 Rxa5 29. Qxa5 Qxa5 30. Rxa5 Rc8 31. b4 e6 32. Bxe6 Re8 33. Bd5 Rxe2 34. b5 axb5 35. cxb5 Re8 36. Ra8 Rf8 37. b6 Nd7 38. Rxf8+ Nxf8 39. Bc6 1-0

[Event "SVK-chT2D 1617"]
[Site "Slovakia"]
[Date "2016.11.05"]
[Round "3.2"]
[White "Marek, Stanislav"]
[Black "Ferkova, Dominika"]
[Result "1/2-1/2"]
[WhiteElo "2157"]
[BlackElo "2007"]
[PlyCount "43"]
[EventDate "2016.10.08"]
[EventType "team-tourn"]
[EventRounds "11"]
[EventCountry "SVK"]
[SourceTitle "EXT 2018"]
[Source "ChessBase"]
[SourceDate "2017.10.13"]
[SourceVersion "1"]
[SourceVersionDate "2017.10.13"]
[SourceQuality "1"]
[WhiteTeam "Presov Tatran"]
[BlackTeam "Bardejov II"]
[WhiteTeamCountry "SVK"]
[BlackTeamCountry "SVK"]

1. c4 e5 2. Nc3 Nf6 3. Nf3 Nc6 4. d3 d5 5. cxd5 Nxd5 6. g3 Nb6 7. Bg2 Be7 8. 0-0 0-0 9. Be3 f6 10. Na4 Nd4 11. Bxd4 exd4 12. Qb3+ Kh8 13. Rac1 Re8 14. Rfe1 Nxa4 15. Qxa4 c5 16. e3 dxe3 17. Rxe3 Bd7 18. Qb3 Bc6 19. Rce1 Bd5 20. Qa4 Bc6 21. Qb3 Bd5 22. Qa4 1/2-1/2